000 01593nam a22002297a 4500
008 170420b xxu||||| |||| 00| 0 eng d
020 _a0-07-048785-5
082 _21999
_aDC 305.231
_bP19
100 _919907
_aPapalia, Diane E.
245 _aA child's world :
_binfancy through adolescence /
_cDiane E. Papalia, Sally Wendkos Olds, Ruth Duskin Feldman
250 _aEight Edition
260 _aBoston :
_bMcGraw-Hill,
_cc1999.
300 _axxx, 702 pages :
_billustrations (chiefly col.) ;
_c28 cm.
500 _aIncludes bibliographical references and index.
505 _aAbout a child's world: history, theory, and research methods -- Forming a new life: conception, heredity, and environment -- Pregnancy and prenatal development -- Birth and the newborn baby -- Physical development and health during the first three years -- Cognitive development during the first three years -- Psychosocial development during the first three years -- Physical development and health in early childhood -- Cognitive development in early childhood -- Psychosocial development in early childhood -- Physical development and health in middle childhood -- Cognitive development in middle childhood -- Psychosocial development in middle childhood -- Physical development and health in adolescence -- Cognitive development in adolescence -- Psychosocial development in adolescence.
650 0 _919908
_aChild development
650 0 _919909
_aChild psychology
650 0 _919910
_aAdolescence
700 _919911
_aOlds, Sally Wendkos
700 _919912
_aFeldman, Ruth Duskin
942 _2ddc
_cDC
999 _c6577
_d6577